Songs About Places - Statistics

General Stats
  • This quiz has been taken 34 times
    12 since last reset
  • The average score is 10 of 20
Answer Stats
Hint Answer % Correct
"The Fresh Prince of ___-___" - DJ Jazzy Jeff & The Fresh Prince Bel-Air
100%
"______" - Toto Africa
90%
"Sweet Home _______" - Lynyrd Skynyrd Alabama
90%
"Hotel __________" - Eagles California
90%
"Viva ___ _____" - Elvis Presley Las Vegas
80%
"Surfin' ___" - The Beach Boys U.S.A
80%
"Don't Cry for Me _________" - Julie Covington Argentina
60%
"______ Calling" - The Clash London
60%
"Welcome to ___ ____" - Taylor Swift New York
60%
"Good Morning _________" - Hairspray! Baltimore
50%
"No Sleep Till ________" - Beastie Boys Brooklyn
50%
"_______ Rock City" - Kiss Detroit
50%
"_______" - Bastille Pompeii
50%
"________ (Not Constantinople)" - They Might Be Giants Istanbul
40%
"_______ _____" - Weezer Beverly Hills
20%
"_____" - Will Smith Miami
20%
"Stranger in ______" - Michael Jackson Moscow
20%
"Midnight Train to _______" - Chris Stapleton Memphis
10%
"Hello _______" - Owl City Seattle
10%
"_____" - Arcade Fire Haiti
0%
No matching quizzes found
Score Distribution
Percent of People with Each Score
Percentile by Number Answered
Your Score History
You have not taken this quiz since the last reset